[Event "FRA-chT2O 0203"]
[Site "France"]
[Date "2003.04.06"]
[Round "11.6"]
[White "Hermann, Jean Philippe"]
[Black "Brendel, Oliver"]
[Result "1/2-1/2"]
[WhiteElo "2238"]
[BlackElo "2378"]
[PlyCount "67"]
[EventDate "2002.10.??"]
[EventType "team"]
[EventRounds "11"]
[EventCountry "FRA"]
[SourceTitle "EXT 2004"]
[Source "ChessBase"]
[SourceDate "2003.11.25"]
[SourceVersion "1"]
[SourceVersionDate "2003.11.25"]
[SourceQuality "1"]
[WhiteTeam "Nancy II"]
[BlackTeam "Strasbourg"]
[WhiteTeamCountry "FRA"]
[BlackTeamCountry "FRA"]

1. e4 c5 2. Nf3 g6 3. d4 cxd4 4. Nxd4 Nc6 5. Nc3 Bg7 6. Be3 Nf6 7. Bc4 0-0 8. Bb3 d6 9. f3 Bd7 10. Qd2 Nxd4 11. Bxd4 b5 12. g4 a5 13. a3 b4 14. Nd5 Nxd5 15. Bxd5 Bxd4 16. Qxd4 Rc8 17. 0-0 Rxc2 18. axb4 e5 19. Qe3 axb4 20. Rf2 Rxf2 21. Kxf2 Be6 22. Bxe6 fxe6 23. Ra6 Qc8 24. Rxd6 Rxf3+ 25. Kxf3 Qf8+ 26. Ke2 Qxd6 27. Qa7 Qd8 28. Qc5 Qh4 29. Qxe5 Qxg4+ 30. Kd3 Qh3+ 31. Kc4 b3 32. Kc5 Kf7 33. Qf4+ Ke7 34. Qd6+ 1/2-1/2

[Event "FRA-chT2O 0203"]
[Site "France"]
[Date "2002.11.16"]
[Round "2.3"]
[White "Hermann, Jean Philippe"]
[Black "Dittmar, Peter"]
[Result "1-0"]
[WhiteElo "2238"]
[BlackElo "2349"]
[PlyCount "113"]
[EventDate "2002.10.??"]
[EventType "team"]
[EventRounds "11"]
[EventCountry "FRA"]
[SourceTitle "EXT 2004"]
[Source "ChessBase"]
[SourceDate "2003.11.25"]
[SourceVersion "1"]
[SourceVersionDate "2003.11.25"]
[SourceQuality "1"]
[WhiteTeam "Nancy II"]
[BlackTeam "Selestat"]
[WhiteTeamCountry "FRA"]
[BlackTeamCountry "FRA"]

1. e4 e6 2. d4 d5 3. Nc3 a6 4. Nf3 Nf6 5. e5 Nfd7 6. Ne2 c5 7. c3 Nc6 8. Bf4 b5 9. a3 Bb7 10. g3 Qb6 11. Bg2 b4 12. axb4 cxb4 13. 0-0 Be7 14. Re1 a5 15. g4 Ba6 16. Ng3 Qc7 17. Qd2 Nb6 18. Nh5 Bf8 19. Nh4 Nc4 20. Qc1 b3 21. Nf5 0-0-0 22. Ne3 h6 23. Nxc4 Bxc4 24. Bg3 Be7 25. f4 g6 26. Nf6 Qb6 27. Qe3 h5 28. f5 gxf5 29. gxf5 h4 30. Bf4 exf5 31. Bh3 Bxf6 32. Bxf5+ Kb7 33. exf6 Qa6 34. Kh1 Qa8 35. Qh3 Rde8 36. Bd7 Re4 37. Rxe4 dxe4 38. Qf5 e3 39. Qc5 Qa6 40. d5 Nb8 41. Qc7+ Ka8 42. Rxa5 Bxd5+ 43. Kg1 Rg8+ 44. Bg3 hxg3 45. Rxa6+ Nxa6 46. Bc6+ Bxc6 47. Qxc6+ Ka7 48. Qd7+ Ka8 49. Qd5+ Kb8 50. Qxb3+ Ka8 51. Qd5+ Kb8 52. Qe5+ Nc7 53. Qxe3 gxh2+ 54. Kxh2 Kc8 55. Qe7 Rh8+ 56. Kg3 Rh7 57. Qf8+ 1-0

[Event "FRA-chT2"]
[Site "France"]
[Date "2002.03.??"]
[Round "9"]
[White "Hermann, Jean Philippe"]
[Black "Marx, Nicolas"]
[Result "1-0"]
[WhiteElo "2256"]
[BlackElo "2089"]
[PlyCount "75"]
[EventDate "2002.??.??"]
[EventType "team"]
[EventRounds "11"]
[EventCountry "FRA"]
[SourceTitle "EXT 2003"]
[Source "ChessBase"]
[SourceDate "2002.11.25"]
[SourceVersion "1"]
[SourceVersionDate "2002.11.25"]
[SourceQuality "1"]

1. e4 e5 2. f4 exf4 3. Nf3 d5 4. exd5 Nf6 5. Be2 Nxd5 6. c4 Nf6 7. d4 Bd6 8. c5 Be7 9. Nc3 0-0 10. Bxf4 c6 11. 0-0 Na6 12. Ng5 Nc7 13. Be5 Ne6 14. Nge4 Ne8 15. Bc4 b5 16. cxb6 axb6 17. d5 cxd5 18. Nxd5 Nc5 19. Nec3 Be6 20. Qf3 Bd6 21. Rae1 Bxe5 22. Rxe5 Nd6 23. Be2 f6 24. Rh5 Nf7 25. b4 Ng5 26. Rxg5 fxg5 27. Qxf8+ Qxf8 28. Rxf8+ Rxf8 29. bxc5 bxc5 30. a4 Rd8 31. Bf3 Kf7 32. Nc7 c4 33. a5 Rd3 34. N7b5 Bd7 35. a6 Bxb5 36. Nxb5 c3 37. Nxc3 Rxc3 38. a7 1-0

[Event "FRA-chT2"]
[Site "France"]
[Date "2001.11.??"]
[Round "2"]
[White "Hermann, Jean Philippe"]
[Black "Bouchet, Sebastien"]
[Result "1-0"]
[WhiteElo "2256"]
[BlackElo "2224"]
[PlyCount "81"]
[EventDate "2002.??.??"]
[EventType "team"]
[EventRounds "11"]
[EventCountry "FRA"]
[SourceTitle "EXT 2003"]
[Source "ChessBase"]
[SourceDate "2002.11.25"]
[SourceVersion "1"]
[SourceVersionDate "2002.11.25"]
[SourceQuality "1"]

1. e4 c5 2. Nf3 g6 3. d4 cxd4 4. Nxd4 Nf6 5. Nc3 Nc6 6. Be3 Bg7 7. Bc4 Qa5 8. 0-0 0-0 9. Bb3 d6 10. Nd5 Re8 11. Nxf6+ Bxf6 12. f4 Bd7 13. c3 Rac8 14. Rf2 Qc7 15. e5 dxe5 16. Nb5 Qa5 17. Qxd7 Qxb5 18. fxe5 Qxe5 19. Bf4 Qb5 20. Raf1 Rcd8 21. Qh3 Qh5 22. Qxh5 gxh5 23. Bh6 Rd6 24. Rf5 Nd8 25. Bf4 Rd7 26. Rxh5 e5 27. Be3 Bg7 28. Bxa7 Rd2 29. Rf2 Rxf2 30. Kxf2 Ne6 31. Be3 Rd8 32. Ke2 b5 33. Bc2 Nf8 34. a3 Ng6 35. g3 f6 36. Bd3 Rb8 37. Be4 Rd8 38. Bc6 Rb8 39. Bd5+ Kh8 40. Bc5 Rc8 41. b4 1-0